UM Logo

Research methods and statistics in psychology/ (Record no. 164)

MARC details
000 -LEADER
fixed length control field 00621nam a22001937a 4500
008 - FIXED-LENGTH DATA ELEMENTS--GENERAL INFORMATION
fixed length control field 151106b xxu||||| |||| 00| 0 eng d
020 ## - INTERNATIONAL STANDARD BOOK NUMBER
International Standard Book Number 978-1-4441-7011-5 (pbk)
082 ## - DEWEY DECIMAL CLASSIFICATION NUMBER
Classification number DC 150.727
Item number C77r
100 ## - MAIN ENTRY--PERSONAL NAME
9 (RLIN) 239
Personal name Coolican, Hugh
245 ## - TITLE STATEMENT
Title Research methods and statistics in psychology/
Statement of responsibility, etc. Hugh Coolican
250 ## - EDITION STATEMENT
Edition statement Sixth edition
260 ## - PUBLICATION, DISTRIBUTION, ETC. (IMPRINT)
Place of publication, distribution, etc. London:
Name of publisher, distributor, etc. Psychology Press;
Date of publication, distribution, etc. c2014.
300 ## - PHYSICAL DESCRIPTION
Extent xiii, 773 pages;
Dimensions 24 cm.
500 ## - GENERAL NOTE
General note Includes bibliographical references and index.
650 #0 - SUBJECT ADDED ENTRY--TOPICAL TERM
9 (RLIN) 240
Topical term or geographic name as entry element Psychology
General subdivision Research
-- Methodology
650 #0 - SUBJECT ADDED ENTRY--TOPICAL TERM
9 (RLIN) 241
Topical term or geographic name as entry element Psychometrics
365 ## - TRADE PRICE
Price amount 1,898.00
Currency code PHP.
942 ## - ADDED ENTRY ELEMENTS (KOHA)
Source of classification or shelving scheme Dewey Decimal Classification
Koha item type Circulation
Holdings
Withdrawn status Lost status Source of classification or shelving scheme Damaged status Not for loan Collection code Home library Current library Shelving location Date acquired Source of acquisition Total Checkouts Full call number Barcode Date last seen Date last checked out Copy number Price effective from Koha item type
    Dewey Decimal Classification     Circulation UM Digos College - LIC UM Digos College - LIC Book Cart 08/28/2015 Purchased 9 DC 150.727 C77r c2014 23540 05/15/2025 11/25/2022 1 11/06/2015 Circulation